000 01251nam a22003617a 4500
003 CHAP
005 20220329135942.0
008 971013s1995 r 00010 d
010 _a44597
011 _a45569
035 _a49708
040 _cCHAP
090 _aTesis
100 0 0 _aCid Pérez, Hugo.
_923083
245 _aAnálisis de precios y márgenes de comercialización del jitomate en México
260 _aChapingo, Méx. :
_bEl autor,
_c1995
300 _a119 h.
_b; anexos
502 _aTesis (Ing. Agr. Esp. en Economía Agrícola) -- UACH. Departamento de Economía Agrícola
590 _aALEPH
_b10
_c20130110
_lUCH01
_h1314
590 _aBATCH-UPD
_b10
_c20130110
_lUCH01
_h1620
590 _aBATCH-UPD
_b10
_c20130410
_lUCH01
_h1015
590 _aBATCH-UPD
_b10
_c20130914
_lUCH01
_h0939
590 _aCONVERSION
_b10
_c20130109
_lUCH01
_h1324
650 1 4 _aTomate
_xAspectos económicos
_xMéxico.
_9113683
650 1 4 _aTomate
_xMercadeo.
_9113738
650 1 4 _aTomate
_xMéxico.
_9113742
650 1 4 _aTomate
_xPrecios.
_9113753
700 0 _aCid Pérez, Rodolfo Jonael.
_923084
901 _aBK
942 _cFOLL
949 _bBC
_cTES
_d-112023
_eTS1
_h28098
_i49708
_si
949 _bBC
_cTES
_d33724000006722
_eTS2
_fc.2
_h28099
_i49708
_si
999 _c44597
_d44597